Principy sociální politiky

Gespeichert in:
Bibliographische Detailangaben
1. Verfasser: Štípek, Vladimír
Format: Buch
Sprache:Tschechisch
Veröffentlicht: Praha GRADA 2025
Ausgabe:1. české vydání
Schlagworte:
Tags: Tag hinzufügen
Keine Tags, Fügen Sie das erste Tag hinzu!

MARC

LEADER 00000nam a2200000 4500
001 0311585
005 20251124125633.0
020 |a 978-80-271-5571-2 
041 0 |a cze 
044 |a CZ 
245 1 0 |a Principy sociální politiky  |c Vladimír Štípek 
250 |a 1. české vydání 
264 1 |a Praha  |b GRADA  |c 2025 
300 |a 200 s. 
610 2 0 |a politika sociálna 
610 2 0 |a systémy sociálne 
610 2 0 |a trh práce 
610 2 0 |a regulácia štátna 
100 1 |a Štípek, Vladimír